| 000 | 00707nam a2200241 a 4500 | ||
|---|---|---|---|
| 008 | |||
| 020 | _a0902565214 (pbk.) | ||
| 049 | _aMAIN | ||
| 090 |
_aKDK1491 _bCRE |
||
| 100 | 1 | _aCremins, Denis. | |
| 245 | 1 | 0 |
_aValue added tax / _cDenis Cremins & Dermot O'Brien. |
| 250 | _a4th ed. | ||
| 260 |
_aDublin : _bInstitute of Taxation in Ireland, _cc1995. |
||
| 300 |
_axiv, 264 p. : _bill. ; _c24 cm. |
||
| 500 | _aIncludes index. | ||
| 650 | 0 |
_aValue-added tax _xLaw and legislation _zIreland. |
|
| 700 | 1 | _aO'Brien, Dermot | |
| 907 |
_a.b10158807 _b02-03-09 _c10-03-05 |
||
| 003 | |||
| 005 | 20230123133951.0 | ||
| 040 | _cNUST | ||
| 942 |
_cBOOKS _kKDK1491 _mCRE |
||
| 999 |
_c157708 _d157708 |
||